00820nam a22002657a 45000010005000000030006000050050017000110080041000280200015000690400029000840500013001130820010001261000019001362450067001552500018002222600055002403000048002955050008003435200047003515210029003985210020004276500035004476510037004827000035005198356FISKH20250910090154.0250910b cb ||||| |||| 00| 0 eng d a0786804300 aFISKHbengcFISKHdFISKH aPZ8 .M85 a398.8 aMcMullan, Kate aBaby goose / cBy Kate McMullan : Pictures by Pascal Lemaitre  aFIRST EDITION aNew York : bHyperion Books For Children , c2004. a33 pages : bcolor illustrations ;c23 cm . aJ  aA collection of nursery rhymes for babies.8 a500 bLexile estimate 8 aJ bRaz-Plus  aMother GoosevChildren's Books aNursery rhymesvChildren's Books aLemaitre, PascaleIllustrator